Research Methodology : Methods & Techniques (Record no. 11)

MARC details
000 -LEADER
fixed length control field 00410nam a22001577a 4500
005 - DATE AND TIME OF LATEST TRANSACTION
control field 20180220154614.0
008 - FIXED-LENGTH DATA ELEMENTS--GENERAL INFORMATION
fixed length control field 160426b xxu||||| |||| 00| 0 eng d
020 ## - INTERNATIONAL STANDARD BOOK NUMBER
ISBN 81-224-1522-9
041 ## - LANGUAGE CODE
Language code of text/sound track or separate title eng
082 ## - DEWEY DECIMAL CLASSIFICATION NUMBER
Item number 00071
Classification number 001.42
100 ## - MAIN ENTRY--AUTHOR NAME
Personal name Kothari, C.R.
245 ## - TITLE STATEMENT
Title Research Methodology : Methods & Techniques
260 ## - PUBLICATION, DISTRIBUTION, ETC. (IMPRINT)
Place of publication New Delhi
Name of publisher New Age Internation (P) Ltd Pub.
Year of publication 2004
300 ## - PHYSICAL DESCRIPTION
Number of Pages 401
942 ## - ADDED ENTRY ELEMENTS (KOHA)
Koha item type Books
Holdings
Lost status Damaged status Collection code Home library Current library Shelving location Date acquired Cost, normal purchase price Full call number Accession Number Koha item type
    LIFE SKILL JRU Library JRU Library   26/04/2016 200.00 001.42 00071 Books
      JRU Library JRU Library   26/04/2016 200.00 001.42 00072 Books